000 00605nam a2200217Ia 4500
005 20241129115926.0
008 241129s9999||||xx |||||||||||||| ||und||
020 _a9781639897391
037 _aTB
040 _aSDCL
_beng
_cSDCL
041 _aeng
_2eng
084 _aX652:(B), R3
_qSDCL
100 _aWalsh Douglas Ed.
_9728686
245 0 _aQuantitative finance and economics
260 _aNew York
_bStates Academic Press
_c2023
300 _avi,236p.
365 _aUSD
_b152
650 _aBusiness Economics and Finance
942 _cTB
_hX652:(B), R3
999 _c1232605
_d1232605